Tall buildings (Record no. 77663)
[ view plain ]
| 000 -LEADER | |
|---|---|
| fixed length control field | 01153cab a2200229 4500 |
| 001 - CONTROL NUMBER | |
| control field | ##L134819 |
| 008 - FIXED-LENGTH DATA ELEMENTS--GENERAL INFORMATION | |
| fixed length control field | 060904n2006 000 0 eng u |
| 035 ## - SYSTEM CONTROL NUMBER | |
| System control number | (Sirsi) u134819 |
| 041 0# - LANGUAGE CODE | |
| Language code of text/sound track or separate title | eng |
| 100 1# - MAIN ENTRY--PERSONAL NAME | |
| Personal name | Thomson, Dan |
| 245 00 - TITLE STATEMENT | |
| Title | Tall buildings |
| 260 ## - PUBLICATION, DISTRIBUTION, ETC. | |
| Date of publication, distribution, etc. | 2006 |
| 490 #0 - SERIES STATEMENT | |
| Series statement | Architects' Journal |
| Volume/sequential designation | 7(224) 31 August 2006, 19-42(22) |
| 520 ## - SUMMARY, ETC. | |
| Summary, etc. | Presents a group of wide-ranging articles on tall buildings. Covers: the changing attitudes in UK planning that are making it easier to design tall buildings; the factors that make a successful tall building and how they are exemplified in some of the best tall buildings worldwide; KPF Architects' Heron Tower projected to start construction in London in 2007; structural fire engineering and tall building design and Luz Vargas Architects' pioneering concept design for a new kind of skyscraper with its potential for high-rise living. Student proposals and public opinion. |
| 590 ## - LOCAL NOTE (RLIN) | |
| Local note | IKA050906 |
| 651 #4 - SUBJECT ADDED ENTRY--GEOGRAPHIC NAME | |
| Geographic name | International |
| 690 ## - LOCAL SUBJECT ADDED ENTRY--TOPICAL TERM (OCLC, RLIN) | |
| Topical term or geographic name as entry element | BUILT ENVIRONMENT-BUILDING TYPES-TALL BUILDINGS |
| 700 1# - ADDED ENTRY--PERSONAL NAME | |
| Personal name | Wood, Antony |
| 700 1# - ADDED ENTRY--PERSONAL NAME | |
| Personal name | Hartman, Hattie |
| 700 1# - ADDED ENTRY--PERSONAL NAME | |
| Personal name | Slavid, Ruth |
| 942 ## - ADDED ENTRY ELEMENTS (KOHA) | |
| Suppress in OPAC | 0 |
| Withdrawn status | Lost status | Source of classification or shelving scheme | Damaged status | Not for loan | Home library | Current library | Shelving location | Date acquired | Total Checkouts | Full call number | Barcode | Date last seen | Copy number | Price effective from | Koha item type |
|---|---|---|---|---|---|---|---|---|---|---|---|---|---|---|---|
| Dewey Decimal Classification | London | London | Journal article | 04/09/2006 | L134819 | 134819-1001 | 06/08/2019 | 1 | 06/08/2019 | Journal article |